01714nam a22004097a 4500003000400000005001700004008004100021040002200062082001400084100003800098245004500136260005600181300001800237366000800255490002300263505002700286505003600313505002500349505002300374505005000397505001900447505003400466505018300500505006600683505005200749505008200801505001400883650004100897650005000938650004300988650004801031650004301079650004401122650004801166650004701214650004301261OSt20230413145434.0221006b |||||||| |||| 00| 0 eng d cBiblioteca Lado V a700bK41a aRuiz, Margaritaeeditoredirector aArte Cubano/bRevista de Artes Visuales/ bConsejo Nacional de las Artes Plasticasc1996aCuba c21x28cma96p. espa v1996a2x1024 8439 tAmelia antes de Amelia tUna poética gráfica insular tVolumenes y leyendas tEl cubano es ritmo tRetos para un Salón de Arte Contemporáneo tPensar el arte tHilda y Manuel: Vidal por dos tRuta CriticaaHecho por Brito Las coordenadas de Ibrahim Muerte del utopico y suerte de la utopia El sabor de los frutos verdes Apropiaciones de Cosme Partir la luna en dos  tPatrimonioaUn seguidor de Goya en el Palacio de Bellas Artes tLecturasaGlaize mira La Habana Nuestro Fabelo tMemoriasaBenito Ortiz Cubanos en New York Premio de la Bienal de Cleveland tResumenes 2Tesauro de Arte & ArquitecturaaARTE 2Tesauro de Arte & ArquitecturaaEXPOSICIONES  2Tesauro de Arte & ArquitecturaaBIENAL 2Tesauro de Arte & ArquitecturaaAPRECIACION 2Tesauro de Arte & ArquitecturaaTEORIA 2Tesauro de Arte & ArquitecturaaCRITICA 2Tesauro de Arte & ArquitecturaaFOTOGRAFIA  2Tesauro de Arte & ArquitecturaaLITERATURA 2Tesauro de Arte & ArquitecturaaCUBANO